Facing 2020: the challenges to the plantation industry

Bibliographic Details
Other Authors: Ragupathy,
Format: Book
Published: Kuala Lumpur: ISIS Malaysia, 1992.
Subjects:
LEADER 00765cam a2200181 7i4500
001 0000002813
005 19991025090000.0
002 ##000004095
020 0 0 |a 967-947-165-9  
090 0 0 |a M 633   |b FAC 
245 0 0 |a Facing 2020: the challenges to the plantation industry   |c edited by Ragupathy. 
260 0 0 |a Kuala Lumpur:   |b ISIS Malaysia,   |c 1992. 
300 0 0 |a 117p. 
500 0 0 |a This book is a required reading for analyst who need to know what is going on and what the future is likely to hold & for those in the plantation industry who intent on ensuring the prosperous & modern plantation 
650 0 0 |a Crops  
700 1 1 |a Ragupathy,   |h K  
999 |a 0000004596  |b Book  |c Open shelf  |e Business Information Centre 
999 |a 0000004213  |b Book  |c Open shelf  |e Business Information Centre